Govt. of
Madhya Pradesh

War on Poverty (Record no. 8104)

MARC details
000 -LEADER
fixed length control field 003750000a22001450004500
003 - CONTROL NUMBER IDENTIFIER
control field MACL
005 - DATE AND TIME OF LATEST TRANSACTION
control field 20150702165110.0
008 - FIXED-LENGTH DATA ELEMENTS--GENERAL INFORMATION
fixed length control field 150702b xxu||||| |||| 00| 0 eng d
040 ## - CATALOGING SOURCE
Original cataloging agency MACL
Transcribing agency MACL
100 ## - MAIN ENTRY--PERSONAL NAME
Personal name Aggrawal, S C
9 (RLIN) 377
245 ## - TITLE STATEMENT
Title War on Poverty
Remainder of title Role of the Privileged people
260 ## - PUBLICATION, DISTRIBUTION, ETC. (IMPRINT)
Name of publisher, distributor, etc. Shipra
Date of publication, distribution, etc. 2007
Place of publication, distribution, etc. NEW DELHI
650 ## - SUBJECT ADDED ENTRY--TOPICAL TERM
Topical term or geographic name as entry element Sociology
9 (RLIN) 19
942 ## - ADDED ENTRY ELEMENTS (KOHA)
Koha item type Books
Call number prefix 300
Source of classification or shelving scheme
Holdings
Withdrawn status Lost status Source of classification or shelving scheme Damaged status Not for loan Home library Current library Date acquired Cost, normal purchase price Total Checkouts Full call number Barcode Date last seen Uniform Resource Identifier Price effective from Koha item type
          MACL MACL 15/04/2015 350.00   300/AGG CRE021656 02/05/2024 8018 15/04/2015 Books